[Event "HUN-chT Youth 2019"]
[Site "Budapest"]
[Date "2019.10.28"]
[Round "5.4"]
[White "Toth, Nikoletta"]
[Black "Kovacs, Gabor Etele"]
[Result "0-1"]
[WhiteElo "1965"]
[BlackElo "2053"]
[Annotator "NA RC"]
[PlyCount "68"]
[EventDate "2019.10.26"]
[EventType "team-tourn"]
[EventCountry "HUN"]
[SourceTitle "playchess.com"]
[Source "ChessBase"]
[SourceQuality "1"]
[TimeControl "5400+30"]

1. d4 {[%emt 0:00:00]} d5 {[%emt 0:00:00]} 2. Bf4 {[%emt 0:00:00]} Nf6 {[%emt 0:00:00]} 3. e3 {[%emt 0:00:00]} c5 {[%emt 0:00:03]} 4. c3 {[%emt 0:00:00]} Nc6 {[%emt 0:00:38]} 5. Nd2 {[%emt 0:00:08]} Bf5 {[%emt 0:02:15]} 6. Qb3 {[%emt 0:12:01]} Qd7 {[%emt 0:01:21]} 7. Ngf3 {[%emt 0:01:29]} c4 {[%emt 0:00:33]} 8. Qd1 {[%emt 0:00:11]} e6 {[%emt 0:00:59]} 9. Be2 {[%emt 0:00:29]} h6 {[%emt 0:01:06]} 10. O-O {[%emt 0:01:41]} Be7 {[%emt 0:00:52]} 11. Ne5 {[%emt 0:05:18]} Nxe5 {[%emt 0:02:00]} 12. Bxe5 {[%emt 0:02:49]} O-O {[%emt 0:02:14]} 13. Bxf6 {[%emt 0:02:18]} Bxf6 {[%emt 0:01:26]} 14. e4 {[%emt 0:00:11]} Bg6 {[%emt 0:05:12]} 15. e5 {[%emt 0:05:36]} Be7 {[%emt 0:01:33]} 16. f4 {[%emt 0:00:07]} b5 {[%emt 0:04:28]} 17. a3 {[%emt 0:10:08]} a5 {[%emt 0:02:22]} 18. Nf3 {[%emt 0:05:03]} b4 {[%emt 0:13:02]} 19. axb4 {[%emt 0:00:07]} axb4 {[%emt 0:00:11]} 20. Qd2 {[%emt 0:01:32]} Ra4 {[%emt 0:02:36]} 21. g4 {[%emt 0:12:11]} Rfa8 {[%emt 0:02:08]} 22. Rxa4 {[%emt 0:01:36]} Qxa4 {[%emt 0:01:38]} 23. Bd1 {[%emt 0:01:45]} Qa2 {[%emt 0:00:55]} 24. h4 {[%emt 0:19:46]} Rb8 {[%emt 0:01:37]} 25. Rf2 {[%emt 0:01:47]} bxc3 {[%emt 0:09:26]} 26. bxc3 {[%emt 0:00:10]} Qa1 {[%emt 0:00:18]} 27. h5 {[%emt 0:02:39]} Bd3 {[%emt 0:02:43]} 28. Kg2 {[%emt 0:03:44]} Rb1 {[%emt 0:00:02]} 29. Bc2 {[%emt 0:00:22]} Rb2 {[%emt 0:00:44]} 30. Ne1 {[%emt 0:04:52]} Bh4 {[%emt 0:00:22]} 31. Nxd3 {[%emt 0:04:43]} cxd3 {[%emt 0:00:39]} 32. Qxd3 {[%emt 0:01:43]} Bxf2 {[%emt 0:00:12]} 33. Qh7+ {[%emt 0:01:24]} Kf8 {[%emt 0:00:01]} 34. Kxf2 {[%emt 0:00:35]} Qc1 {[%emt 0:00:26]} 0-1

[Event "HUN-chT Youth 2019"]
[Site "Budapest"]
[Date "2019.10.28"]
[Round "5.4"]
[White "Szabo, Akos"]
[Black "Nagy, Levente"]
[Result "1-0"]
[WhiteElo "1418"]
[BlackElo "2092"]
[Annotator "NA RC"]
[PlyCount "107"]
[EventDate "2019.10.26"]
[EventType "team-tourn"]
[EventCountry "HUN"]
[SourceTitle "playchess.com"]
[Source "ChessBase"]
[SourceQuality "1"]
[TimeControl "5400+30"]

1. e4 {[%emt 0:00:00]} c5 2. Nf3 {[%emt 0:00:00]} Nc6 {[%emt 0:00:12]} 3. Bb5 {[%emt 0:00:05]} g6 {[%emt 0:00:21]} 4. O-O {[%emt 0:00:52]} Bg7 {[%emt 0:00:39]} 5. d3 {[%emt 0:01:04]} Nf6 {[%emt 0:00:47]} 6. Nc3 {[%emt 0:01:22]} O-O {[%emt 0:01:50]} 7. e5 {[%emt 0:02:35]} Ng4 {[%emt 0:03:32]} 8. Bxc6 {[%emt 0:01:55]} bxc6 {[%emt 0:02:31]} 9. Re1 {[%emt 0:00:34]} Qc7 {[%emt 0:05:40]} 10. Bf4 {[%emt 0:01:00]} Qb7 {[%emt 0:02:28]} 11. Rb1 {[%emt 0:00:58]} Nh6 {[%emt 0:06:11]} 12. Be3 {[%emt 0:01:08]} d6 {[%emt 0:02:20]} 13. exd6 {[%emt 0:01:09]} exd6 {[%emt 0:01:27]} 14. Ne4 {[%emt 0:01:10]} Nf5 {[%emt 0:01:27]} 15. Bf4 {[%emt 0:03:34]} Rd8 {[%emt 0:03:58]} 16. Qe2 {[%emt 0:03:24]} Be6 {[%emt 0:06:26]} 17. a3 {[%emt 0:03:24]} a5 {[%emt 0:06:02]} 18. a4 {[%emt 0:00:57]} Ra6 {[%emt 0:00:57]} 19. b3 {[%emt 0:01:22]} Bd5 {[%emt 0:03:54]} 20. c4 {[%emt 0:02:02]} Bxe4 {[%emt 0:01:49]} 21. dxe4 {[%emt 0:01:49]} Nd4 {[%emt 0:02:21]} 22. Qd1 {[%emt 0:01:08]} Rb6 {[%emt 0:02:50]} 23. Re3 {[%emt 0:01:10]} Rd7 {[%emt 0:03:33]} 24. Rd3 {[%emt 0:01:37]} Qb8 {[%emt 0:01:48]} 25. Be3 {[%emt 0:00:56]} Nxf3+ {[%emt 0:05:05]} 26. Qxf3 {[%emt 0:00:52]} Rdb7 {[%emt 0:01:42]} 27. Qd1 {[%emt 0:00:26]} Bf8 {[%emt 0:02:14]} 28. f3 {[%emt 0:02:25]} Rb4 {[%emt 0:02:42]} 29. Bf4 {[%emt 0:02:41]} Rxc4 {[%emt 0:02:01]} 30. Bxd6 {[%emt 0:00:20]} Bxd6 {[%emt 0:00:09]} 31. Rxd6 {[%emt 0:00:18]} Kg7 {[%emt 0:00:30]} 32. Rxc6 {[%emt 0:03:33]} Rxa4 {[%emt 0:03:05]} 33. Rxc5 {[%emt 0:02:19]} Rab4 {[%emt 0:01:03]} 34. Rxa5 {[%emt 0:01:16]} Rxb3 {[%emt 0:00:13]} 35. Rxb3 {[%emt 0:01:01]} Rxb3 {[%emt 0:00:04]} 36. Qa1+ {[%emt 0:00:40]} f6 {[%emt 0:03:20]} 37. Ra7+ {[%emt 0:00:39]} Kh6 {[%emt 0:01:50]} 38. Qc1+ {[%emt 0:01:02]} g5 {[%emt 0:00:13]} 39. Qc7 {[%emt 0:01:23]} Rb1+ {[%emt 0:01:51]} 40. Kf2 {[%emt 0:00:17]} Rb2+ {[%emt 0:00:05]} 41. Kg3 {[%emt 0:00:18]} Qxc7+ {[%emt 0:00:33]} 42. Rxc7 {[%emt 0:00:09]} Kg6 {[%emt 0:00:11]} 43. Rc1 {[%emt 0:01:00]} h5 {[%emt 0:00:57]} 44. Rg1 {[%emt 0:00:53]} Rb3 {[%emt 0:00:45]} 45. Rc1 {[%emt 0:00:55]} Kh6 {[%emt 0:00:48]} 46. Rc6 {[%emt 0:00:09]} Kg7 {[%emt 0:00:29]} 47. Rc7+ {[%emt 0:02:52]} Kg6 {[%emt 0:00:07]} 48. Rc8 {[%emt 0:00:06]} Kg7 {[%emt 0:00:15]} 49. Rc2 {[%emt 0:00:28]} Kg6 {[%emt 0:00:42]} 50. h4 {[%emt 0:01:23]} Rb5 {[%emt 0:01:34]} 51. Rd2 {[%emt 0:01:10]} gxh4+ {[%emt 0:01:10]} 52. Kxh4 {[%emt 0:00:32]} Rg5 {[%emt 0:02:45]} 53. g3 {[%emt 0:00:07]} f5 {[%emt 0:01:24]} 54. Rd6+ {[%emt 0:00:14]} 1-0

[Event "HUN-chT Youth 2019"]
[Site "Budapest"]
[Date "2019.10.28"]
[Round "5.5"]
[White "Giang, Tran Nam"]
[Black "Bernath, Bence"]
[Result "1/2-1/2"]
[WhiteElo "2028"]
[BlackElo "2004"]
[Annotator "NA RC"]
[PlyCount "107"]
[EventDate "2019.10.26"]
[EventType "team-tourn"]
[EventCountry "HUN"]
[SourceTitle "playchess.com"]
[Source "ChessBase"]
[SourceQuality "1"]
[TimeControl "5400+30"]

1. e4 {[%emt 0:00:00]} e5 {[%emt 0:00:00]} 2. Nf3 {[%emt 0:00:00]} Nc6 {[%emt 0:00:23]} 3. Bb5 {[%emt 0:00:00]} a6 {[%emt 0:00:31]} 4. Ba4 {[%emt 0:00:00]} Nf6 {[%emt 0:00:39]} 5. O-O {[%emt 0:00:00]} Be7 {[%emt 0:00:34]} 6. Re1 {[%emt 0:00:49]} b5 {[%emt 0:00:36]} 7. Bb3 {[%emt 0:00:07]} O-O {[%emt 0:00:37]} 8. d4 {[%emt 0:00:38]} d6 {[%emt 0:00:26]} 9. c3 {[%emt 0:01:48]} Bg4 {[%emt 0:00:33]} 10. Be3 {[%emt 0:00:41]} Bh5 {[%emt 0:00:37]} 11. h3 {[%emt 0:06:21]} exd4 {[%emt 0:01:25]} 12. cxd4 {[%emt 0:00:42]} Re8 {[%emt 0:02:08]} 13. a3 {[%emt 0:02:33]} Na5 {[%emt 0:04:14]} 14. Bc2 {[%emt 0:00:43]} Nc4 {[%emt 0:00:54]} 15. Bc1 {[%emt 0:00:15]} h6 {[%emt 0:06:04]} 16. b3 {[%emt 0:01:55]} Nb6 {[%emt 0:00:46]} 17. Nbd2 {[%emt 0:01:35]} Nfd7 {[%emt 0:05:03]} 18. Nf1 {[%emt 0:06:39]} Bf6 {[%emt 0:02:42]} 19. Bb2 {[%emt 0:02:16]} c5 {[%emt 0:11:44]} 20. Ng3 {[%emt 0:02:31]} Bxf3 {[%emt 0:01:24]} 21. Qxf3 {[%emt 0:00:21]} Bxd4 {[%emt 0:02:19]} 22. Bxd4 {[%emt 0:01:54]} cxd4 {[%emt 0:00:07]} 23. Nf5 {[%emt 0:00:20]} Qf6 {[%emt 0:00:38]} 24. Rad1 {[%emt 0:02:44]} Ne5 {[%emt 0:03:14]} 25. Qg3 {[%emt 0:01:02]} d3 {[%emt 0:01:13]} 26. Bxd3 {[%emt 0:01:43]} Nxd3 {[%emt 0:01:03]} 27. Rxd3 {[%emt 0:00:47]} d5 {[%emt 0:00:29]} 28. Nd6 {[%emt 0:04:04]} Re7 {[%emt 0:21:26]} 29. Rf3 {[%emt 0:04:52]} Qg6 {[%emt 0:01:34]} 30. Nf5 {[%emt 0:01:11]} Rd7 {[%emt 0:02:42]} 31. Qh4 {[%emt 0:03:55]} Qg5 {[%emt 0:01:27]} 32. Qxg5 {[%emt 0:03:19]} hxg5 {[%emt 0:00:10]} 33. exd5 {[%emt 0:01:47]} Nxd5 {[%emt 0:00:14]} 34. Rg3 {[%emt 0:00:34]} f6 {[%emt 0:01:00]} 35. Rd3 {[%emt 0:00:27]} Rad8 {[%emt 0:00:48]} 36. Red1 {[%emt 0:00:57]} Nb6 {[%emt 0:01:43]} 37. Rxd7 {[%emt 0:00:55]} Rxd7 {[%emt 0:01:43]} 38. Rxd7 {[%emt 0:00:09]} Nxd7 {[%emt 0:00:06]} 39. Kf1 {[%emt 0:00:24]} Kf7 {[%emt 0:00:25]} 40. Ke2 {[%emt 0:00:25]} g6 {[%emt 0:00:31]} 41. Ne3 {[%emt 0:00:21]} Nc5 {[%emt 0:01:30]} 42. b4 {[%emt 0:00:36]} Ne6 {[%emt 0:10:03]} 43. Nd5 {[%emt 0:01:57]} f5 {[%emt 0:01:08]} 44. g3 {[%emt 0:01:08]} Ke8 {[%emt 0:00:58]} 45. f4 {[%emt 0:06:39]} gxf4 {[%emt 0:02:17]} 46. Nxf4 {[%emt 0:00:16]} Nxf4+ {[%emt 0:01:20]} 47. gxf4 {[%emt 0:00:02]} Ke7 {[%emt 0:00:17]} 48. Kd3 {[%emt 0:04:20]} Kf6 {[%emt 0:00:17]} 49. Ke3 {[%emt 0:00:06]} Kg7 {[%emt 0:02:11]} 50. Kd4 {[%emt 0:03:36]} Kh6 {[%emt 0:00:25]} 51. Ke5 {[%emt 0:00:15]} Kh5 {[%emt 0:00:27]} 52. Kf6 {[%emt 0:00:06]} Kh6 {[%emt 0:00:11]} 53. Ke5 {[%emt 0:01:07]} Kh5 {[%emt 0:00:23]} 54. Kf6 {[%emt 0:00:35]} 1/2-1/2

[Event "HUN-chT Youth 2019"]
[Site "Budapest"]
[Date "2019.10.28"]
[Round "5.5"]
[White "Giang, Tran Nam"]
[Black "Toth, Nikoletta"]
[Result "*"]
[WhiteElo "2028"]
[BlackElo "1965"]
[Annotator "NA"]
[PlyCount "24"]
[EventDate "2019.10.26"]
[EventType "team-tourn"]
[EventCountry "HUN"]
[SourceTitle "playchess.com"]
[Source "ChessBase"]
[SourceQuality "1"]
[TimeControl "5400+30"]

1. e4 {[%emt 0:00:00]} e5 {[%emt 0:00:00]} 2. Nf3 {[%emt 0:00:00]} Nc6 {[%emt 0:00:23]} 3. Bb5 {[%emt 0:00:00]} a6 {[%emt 0:00:31]} 4. Ba4 {[%emt 0:00:00]} Nf6 {[%emt 0:00:39]} 5. O-O {[%emt 0:00:00]} Be7 {[%emt 0:00:34]} 6. Re1 {[%emt 0:00:49]} b5 {[%emt 0:00:36]} 7. Bb3 {[%emt 0:00:07]} O-O {[%emt 0:00:37]} 8. d4 {[%emt 0:00:38]} d6 {[%emt 0:00:26]} 9. c3 {[%emt 0:01:48]} Bg4 {[%emt 0:00:33]} 10. Be3 {[%emt 0:00:41]} Bh5 {[%emt 0:00:37]} 11. h3 {[%emt 0:06:21]} exd4 {[%emt 0:01:25]} 12. cxd4 {[%emt 0:00:42]} Re8 {[%emt 0:02:08]} *

[Event "HUN-chT Youth 2019"]
[Site "Budapest"]
[Date "2019.10.28"]
[Round "5.5"]
[White "Toth, Timea"]
[Black "Lazsadi, Blanka Anna"]
[Result "1-0"]
[WhiteElo "1964"]
[BlackElo "1142"]
[Annotator "NA RC"]
[PlyCount "51"]
[EventDate "2019.10.26"]
[EventType "team-tourn"]
[EventCountry "HUN"]
[SourceTitle "playchess.com"]
[Source "ChessBase"]
[SourceQuality "1"]
[TimeControl "5400+30"]

1. e4 {[%emt 0:00:08]} e5 {[%emt 0:00:05]} 2. Bc4 {[%emt 0:00:06]} Nf6 {[%emt 0:01:09]} 3. Nc3 {[%emt 0:00:11]} Bc5 {[%emt 0:01:59]} 4. d3 {[%emt 0:00:50]} h6 {[%emt 0:01:32]} 5. Be3 {[%emt 0:01:14]} Bxe3 {[%emt 0:01:11]} 6. fxe3 {[%emt 0:00:10]} d6 {[%emt 0:03:10]} 7. Nge2 {[%emt 0:01:11]} O-O {[%emt 0:00:50]} 8. O-O {[%emt 0:02:17]} c6 {[%emt 0:01:12]} 9. Bb3 {[%emt 0:08:52]} Qb6 {[%emt 0:07:22]} 10. d4 {[%emt 0:02:40]} Bg4 {[%emt 0:10:17]} 11. Qd2 {[%emt 0:03:03]} Bxe2 {[%emt 0:01:23]} 12. Qxe2 {[%emt 0:02:01]} exd4 {[%emt 0:00:35]} 13. exd4 {[%emt 0:00:11]} Qxd4+ {[%emt 0:00:12]} 14. Kh1 {[%emt 0:00:22]} Re8 {[%emt 0:02:08]} 15. Rad1 {[%emt 0:04:49]} Qe5 {[%emt 0:02:24]} 16. Qd3 {[%emt 0:08:19]} Rd8 {[%emt 0:05:46]} 17. Qc4 {[%emt 0:05:13]} Rf8 {[%emt 0:03:36]} 18. Qb4 {[%emt 0:07:07]} Ng4 {[%emt 0:01:26]} 19. g3 {[%emt 0:02:28]} Ne3 {[%emt 0:00:08]} 20. Qxb7 {[%emt 0:01:48]} Nd7 {[%emt 0:03:32]} 21. Qxd7 {[%emt 0:01:02]} Nxd1 {[%emt 0:00:37]} 22. Rxd1 {[%emt 0:00:32]} Qh5 {[%emt 0:04:27]} 23. Rf1 {[%emt 0:11:14]} Qc5 {[%emt 0:00:40]} 24. Rxf7 {[%emt 0:03:32]} Rad8 {[%emt 0:03:29]} 25. Rxg7+ {[%emt 0:00:42]} Kh8 {[%emt 0:04:23]} 26. Rh7# {[%emt 0:00:11]} 1-0

[Event "HUN-chT Youth 2019"]
[Site "Budapest"]
[Date "2019.10.28"]
[Round "5.6"]
[White "Buri, Kata"]
[Black "Toth, Kincso"]
[Result "1/2-1/2"]
[WhiteElo "1646"]
[BlackElo "1556"]
[Annotator "NA RC"]
[PlyCount "119"]
[EventDate "2019.10.26"]
[EventType "team-tourn"]
[EventCountry "HUN"]
[SourceTitle "playchess.com"]
[Source "ChessBase"]
[SourceQuality "1"]
[TimeControl "5400+30"]

1. d4 {[%emt 0:00:00]} d5 {[%emt 0:00:00]} 2. Nf3 {[%emt 0:00:00]} Nf6 {[%emt 0:00:04]} 3. e3 {[%emt 0:00:02]} c5 {[%emt 0:02:10]} 4. b3 {[%emt 0:01:53]} Nc6 {[%emt 0:01:38]} 5. Bb2 {[%emt 0:01:27]} cxd4 {[%emt 0:02:54]} 6. exd4 {[%emt 0:00:40]} Bg4 {[%emt 0:01:19]} 7. Nbd2 {[%emt 0:02:20]} e6 {[%emt 0:02:57]} 8. Be2 {[%emt 0:04:26]} Bd6 {[%emt 0:02:38]} 9. Ne5 {[%emt 0:01:16]} Bxe2 {[%emt 0:01:32]} 10. Qxe2 {[%emt 0:00:31]} Rc8 {[%emt 0:02:47]} 11. f4 {[%emt 0:01:57]} a6 {[%emt 0:22:50]} 12. O-O {[%emt 0:01:27]} O-O {[%emt 0:00:59]} 13. Kh1 {[%emt 0:02:58]} Re8 {[%emt 0:14:03]} 14. Ndf3 {[%emt 0:04:04]} Ne4 {[%emt 0:01:32]} 15. Nd2 {[%emt 0:07:09]} Nxe5 {[%emt 0:06:40]} 16. Nxe4 {[%emt 0:04:19]} Ng6 {[%emt 0:00:55]} 17. Nxd6 {[%emt 0:01:34]} Qxd6 {[%emt 0:00:13]} 18. Qf2 {[%emt 0:01:13]} Qe7 {[%emt 0:03:18]} 19. Rae1 {[%emt 0:03:24]} Qh4 {[%emt 0:02:16]} 20. Qd2 {[%emt 0:04:01]} Ne7 {[%emt 0:02:55]} 21. Re3 {[%emt 0:06:11]} Nf5 {[%emt 0:02:57]} 22. Rh3 {[%emt 0:01:38]} Qg4 {[%emt 0:03:33]} 23. Rhf3 {[%emt 0:04:44]} Qg6 {[%emt 0:02:22]} 24. Qe2 {[%emt 0:04:20]} Nh4 {[%emt 0:04:22]} 25. R3f2 {[%emt 0:03:29]} Nf5 {[%emt 0:06:38]} 26. c4 {[%emt 0:04:05]} dxc4 {[%emt 0:00:47]} 27. bxc4 {[%emt 0:00:21]} Red8 {[%emt 0:02:58]} 28. Rd1 {[%emt 0:00:41]} Rd7 {[%emt 0:02:07]} 29. Qe5 {[%emt 0:02:35]} Rdd8 {[%emt 0:01:47]} 30. c5 {[%emt 0:00:50]} Qg4 {[%emt 0:00:28]} 31. Rfd2 {[%emt 0:01:02]} Rd5 {[%emt 0:00:32]} 32. Qe4 {[%emt 0:01:24]} Qg6 {[%emt 0:01:15]} 33. Qe2 {[%emt 0:00:47]} Qh6 {[%emt 0:00:32]} 34. Qf3 {[%emt 0:01:36]} Nh4 {[%emt 0:00:47]} 35. Qb3 {[%emt 0:00:29]} Rd7 {[%emt 0:00:34]} 36. Rf2 {[%emt 0:02:20]} Rcd8 {[%emt 0:00:25]} 37. Qc3 {[%emt 0:01:53]} Nf5 {[%emt 0:01:02]} 38. c6 {[%emt 0:01:46]} bxc6 {[%emt 0:00:13]} 39. Qxc6 {[%emt 0:00:05]} Rd6 {[%emt 0:00:27]} 40. Qf3 {[%emt 0:00:53]} Nh4 {[%emt 0:00:44]} 41. Qb3 {[%emt 0:02:35]} Nf5 {[%emt 0:00:22]} 42. g3 {[%emt 0:06:05]} Rd5 {[%emt 0:00:27]} 43. Rf3 {[%emt 0:00:28]} Qh5 {[%emt 0:00:34]} 44. Rfd3 {[%emt 0:00:15]} Nd6 {[%emt 0:00:46]} 45. Kg1 {[%emt 0:02:24]} Ne4 {[%emt 0:00:47]} 46. Qc2 {[%emt 0:00:31]} Qg4 {[%emt 0:00:55]} 47. Re1 {[%emt 0:01:00]} Nd6 {[%emt 0:00:15]} 48. Qc6 {[%emt 0:01:16]} Qf5 {[%emt 0:00:48]} 49. Qxa6 {[%emt 0:00:42]} Rb5 {[%emt 0:00:31]} 50. Rb3 {[%emt 0:01:03]} Ra5 {[%emt 0:00:37]} 51. Qb6 {[%emt 0:00:16]} Raa8 {[%emt 0:00:18]} 52. a4 {[%emt 0:00:55]} Nc4 {[%emt 0:00:21]} 53. Qb4 {[%emt 0:00:13]} Na5 {[%emt 0:00:38]} 54. Rbe3 {[%emt 0:00:38]} Rab8 {[%emt 0:00:24]} 55. Qe7 {[%emt 0:01:40]} Re8 {[%emt 0:00:35]} 56. Qd7 {[%emt 0:01:05]} Red8 {[%emt 0:00:11]} 57. Qe7 {[%emt 0:02:28]} Re8 {[%emt 0:00:08]} 58. Qd7 {[%emt 0:00:17]} Red8 {[%emt 0:00:35]} 59. Qe7 {[%emt 0:01:05]} Re8 {[%emt 0:00:14]} 60. Qd7 {[%emt 0:01:05]} 1/2-1/2

[Event "HUN-chT Youth 2019"]
[Site "Budapest"]
[Date "2019.10.28"]
[Round "5.7"]
[White "Papp, Bence"]
[Black "Papp, Levente"]
[Result "0-1"]
[WhiteElo "2184"]
[BlackElo "2317"]
[Annotator "TA"]
[PlyCount "93"]
[EventDate "2019.10.26"]
[EventType "team-tourn"]
[EventCountry "HUN"]
[SourceTitle "playchess.com"]
[Source "ChessBase"]
[SourceQuality "1"]

{[%evp 17,93,44,58,52,49,37,51,43,51,51,55,43,79,37,51,53,58,57,73,62,72,55,63,48,69,0,0,0,0,0,29,17,31,14,96,57,49,0,0,0,0,0,6,13,13,0,5,0,0,0,310,0,42,0,0,0,0,0,0,0,0,0,0,0,0,0,0,0,0,0,0,0,0,0,0,-27,-48,-366]} 1. Nf3 Nf6 2. c4 g6 3. Nc3 Bg7 4. g3 O-O 5. Bg2 c6 6. O-O d5 7. cxd5 Nxd5 8. d4 Nxc3 9. bxc3 Nd7 10. Qc2 {D74: Fianchetto Grünfeld: Main Line (5 Nf3 0-0 6 cxd5 Nxd5 7 0-0)} (10. e4 Qa5 11. Bd2 c5 12. e5 Nb6 13. Re1 Rd8 14. Ng5 h6 15. Ne4 Nc4 16. e6 f5 17. Qe2 Nxd2 18. Nxd2 Qxc3 {1-0 (31) Gajewski,G (2630)-Gislason,G (2307) Reykjavik 2017}) 10... Qa5 11. Bd2 Qa6 12. Rfe1 $146 {White is slightly better.} ({Predecessor:} 12. e4 Nb6 13. a4 Be6 14. a5 Nc4 15. Bf4 Nxa5 16. Nd2 b6 17. Rfb1 Bc4 18. Nxc4 Qxc4 {0-1 (37) Schmidt,A-Roeschlau,B (2285) Germany 1993}) 12... e5 13. Bf1 Qa3 14. Rab1 (14. Bc1 $5 {[%cal Rc1a3]} Qa5 15. Bd2 $11) 14... Qd6 15. Red1 Qe7 16. e4 b6 17. Bg5 Bf6 18. Bxf6 Qxf6 19. Bg2 Bb7 20. Qa4 Rfe8 21. Nxe5 ({White should try} 21. Nd2 $14) 21... Nxe5 $11 22. dxe5 Qxe5 23. Rd7 Re7 24. Rbd1 a5 25. Qa3 c5 (25... Rxd7 $11 26. Rxd7 Ba6) 26. f4 Qe6 27. Rxb7 (27. Qa4 $5 {[%cal Rd1d6]} Rxd7 28. Qxd7 Qxd7 29. Rxd7 $14) 27... Rxb7 28. e5 $36 {[%mdl 2048] Black is under pressure.} Qg4 29. Rd6 Raa7 30. Bxb7 Rxb7 {[%mdl 4096] Endgame KQR-KQR} 31. Qb2 Qf3 32. Qd2 Kg7 33. Rd8 Qc6 $2 {[%mdl 8192] [#]} (33... b5 $11) 34. Rd6 $2 (34. f5 $1 $18 {[%cal Rf5f6][%mdl 512] f6+ would kill now.} f6 (34... gxf5 35. Rd6) 35. e6 gxf5 36. Rd7+ Kg6 {[#]} 37. e7 $3 {[%mdl 512]}) 34... Qb5 35. Rd8 Qb1+ 36. Kg2 Qe4+ 37. Kg1 Re7 38. Qd6 Qb1+ 39. Kg2 Qxa2+ 40. Kg1 Qe6 41. Qb8 $1 {Strongly threatening Rh8.} Kh6 42. Rd6 {[%mdl 64] Double Attack} Re8 43. Qxb6 Qc4 44. Qxa5 Qe4 45. Qb5 ({Not} 45. Qxc5 $2 Rb8 $19) 45... Ra8 {( -> ...Qe3+)} 46. Qf1 Ra2 {Hoping for ...Qc2!} 47. Rd1 $2 {[%mdl 8192] Accuracy: White = 29%, Black = 56%.} (47. Rd3 $15) 0-1

[Event "HUN-chT Youth 2019"]
[Site "Budapest"]
[Date "2019.10.28"]
[Round "5.7"]
[White "Szabo, Marton Nandor"]
[Black "Megyeri, Martin"]
[Result "1/2-1/2"]
[WhiteElo "1803"]
[BlackElo "1611"]
[Annotator "NA"]
[PlyCount "28"]
[EventDate "2019.10.26"]
[EventType "team-tourn"]
[EventCountry "HUN"]
[SourceTitle "playchess.com"]
[Source "ChessBase"]
[SourceQuality "1"]
[TimeControl "5400+30"]

1. Nf3 {[%emt 0:00:00]} b6 {[%emt 0:00:00]} 2. c4 {[%emt 0:00:44]} Bb7 {[%emt 0:00:00]} 3. g3 {[%emt 0:00:09]} Nf6 {[%emt 0:00:06]} 4. Bg2 {[%emt 0:00:10]} e6 {[%emt 0:00:10]} 5. d4 {[%emt 0:00:14]} Be7 {[%emt 0:00:24]} 6. Nc3 {[%emt 0:00:35]} O-O {[%emt 0:00:40]} 7. O-O {[%emt 0:00:13]} d5 {[%emt 0:00:18]} 8. b3 {[%emt 0:02:07]} c5 {[%emt 0:02:45]} 9. Bb2 {[%emt 0:10:29]} Nbd7 {[%emt 0:02:17]} 10. e3 {[%emt 0:02:55]} a6 {[%emt 0:06:51]} 11. Ne5 {[%emt 0:03:12]} Qc7 {[%emt 0:03:55]} 12. Rc1 {[%emt 0:06:58]} dxc4 {[%emt 0:11:10]} 13. Nxd7 {[%emt 0:16:48]} Qxd7 {[%emt 0:02:28]} 14. bxc4 {[%emt 0:02:04]} Bxg2 {[%emt 0:01:20]} 1/2-1/2

[Event "HUN-chT Youth 2019"]
[Site "Budapest"]
[Date "2019.10.28"]
[Round "5.8"]
[White "Vanczak, Tamas"]
[Black "Leszko, Bence"]
[Result "1/2-1/2"]
[WhiteElo "2327"]
[BlackElo "2201"]
[Annotator "TA"]
[PlyCount "74"]
[EventDate "2019.10.26"]
[EventType "team-tourn"]
[EventCountry "HUN"]
[SourceTitle "playchess.com"]
[Source "ChessBase"]
[SourceQuality "1"]

{[%evp 9,74,14,18,13,12,8,8,4,7,0,5,-11,-2,-27,0,0,-7,-24,0,-18,-12,-18,-12,-15,-2,-18,-6,-52,22,0,0,0,0,0,2,0,0,0,179,175,165,167,272,272,848,819,809,770,920,915,896,896,874,809,830,185,354,104,80,26,25,26,45,22,20,0,0]} 1. d4 e6 2. Nf3 f5 3. Bf4 b6 4. e3 Bb7 5. Nbd2 Nf6 6. h3 {A80: Dutch Defence: Unusual White second moves} Be7 7. Bd3 O-O 8. Bh2 (8. Qe2 Ne4 9. Rg1 d6 10. g4 Nd7 11. gxf5 exf5 12. O-O-O Kh8 13. h4 {½-½ (54) Ramirez Alvarez,A (2567)-Cheparinov,I (2691) Caleta 2019}) 8... c5 9. c3 d5 $146 ({Predecessor:} 9... Nc6 10. Qe2 d5 11. Ne5 Ne4 12. Ndf3 Na5 13. O-O c4 14. Bc2 b5 {½-½ (45) Krylov,A (2268)-Lugovoy,D (2098) Sochi 2018}) 10. Qe2 Ne4 11. g4 Nd7 12. gxf5 exf5 13. O-O-O c4 14. Bxe4 fxe4 15. Ne5 Nxe5 16. Bxe5 Bf6 {Threatening ...Bxe5.} 17. f4 b5 18. Rhg1 Qe7 (18... a5 $15) 19. Rg2 Bc8 20. Rdg1 {Rxg7+ is the strong threat.} Rf7 21. Bxf6 Qxf6 22. Rg5 Bf5 23. Nf1 {And now Ng3 would win.} g6 $2 (23... h6 $11 {and Black has nothing to worry.} 24. R5g2 Qc6) 24. Ng3 $1 $36 {[%cal Rg3f5][%mdl 2048] White is in control.} Qe6 {[#]} 25. h4 $1 Kf8 {[#]} (25... Kh8 $142) 26. h5 $1 {[%cal Rh5g6] aiming for hxg6.} Ke7 $2 (26... h6) 27. hxg6 hxg6 28. Nxf5+ gxf5 29. Rg6 Rf6 30. Qh5 Raf8 31. Rg7+ R6f7 32. Rg8 $2 (32. R1g6) 32... Qf6 $2 (32... Rxg8 33. Rxg8 Kd6) 33. R8g6 $2 (33. Rxf8 $18 {is the precise move to win. Threatening mate with Ra8.} Rxf8 34. Qh7+ Rf7 35. Qg8) 33... Rh8 $16 34. Rxf6 ({White should try} 34. Qd1 $16 Qh4 35. Qd2) 34... Rxh5 $11 35. Ra6 Kf8 36. Rd6 Rg7 $1 {[%cal Rg7g1]} 37. Re1 Rg2 {Accuracy: White = 42%, Black = 42%.} 1/2-1/2

[Event "HUN-chT Youth 2019"]
[Site "Budapest"]
[Date "2019.10.28"]
[Round "5.8"]
[White "Lehocz, Jozsef Jr."]
[Black "Foldes, Marton Gabor"]
[Result "1/2-1/2"]
[WhiteElo "1447"]
[BlackElo "1755"]
[Annotator "NA"]
[PlyCount "32"]
[EventDate "2019.10.26"]
[EventType "team-tourn"]
[EventCountry "HUN"]
[SourceTitle "playchess.com"]
[Source "ChessBase"]
[SourceQuality "1"]
[TimeControl "5400+30"]

1. b3 {[%emt 0:00:00]} e5 {[%emt 0:01:45]} 2. Bb2 {[%emt 0:00:00]} Nc6 {[%emt 0:00:57]} 3. e3 {[%emt 0:00:00]} d6 {[%emt 0:00:32]} 4. Bb5 {[%emt 0:00:00]} Bd7 {[%emt 0:01:40]} 5. Nf3 {[%emt 0:00:03]} Nge7 {[%emt 0:07:46]} 6. d4 {[%emt 0:00:54]} exd4 {[%emt 0:06:19]} 7. exd4 {[%emt 0:00:12]} d5 {[%emt 0:00:57]} 8. O-O {[%emt 0:01:15]} g6 {[%emt 0:02:15]} 9. Re1 {[%emt 0:01:04]} Bg7 {[%emt 0:02:31]} 10. Bxc6 {[%emt 0:00:23]} bxc6 {[%emt 0:03:15]} 11. Nbd2 {[%emt 0:00:25]} O-O {[%emt 0:01:22]} 12. Ne5 {[%emt 0:00:10]} f6 {[%emt 0:06:35]} 13. Nd3 {[%emt 0:00:23]} Re8 {[%emt 0:05:53]} 14. Nc5 {[%emt 0:05:31]} Nf5 {[%emt 0:05:04]} 15. Nf3 {[%emt 0:03:20]} Nd6 {[%emt 0:05:35]} 16. Nd2 {[%emt 0:03:04]} Bh6 {[%emt 0:06:35]} 1/2-1/2